000 01359cam a22002897i 4500
001 15447428
003 EG-ScBUE
005 20250720105901.0
008 080911s2009 enka f b 001 0 eng
020 _a9780199206063 (pbk.)
035 _a(OCoLC)ocn243820322
040 _aEG-ScBUE
_beng
_erda
_cEG-ScBUE
_dEG-ScBUE
082 0 4 _a541.28
_222
_bATK
100 1 _aAtkins, P. W.
_q(Peter William),
_d1940-
_911376
_eauthor.
245 1 0 _aQuanta, matter, and change :
_ba molecular approach to physical chemistry /
_cPeter Atkins, professor of chemistry, University of Oxford, and Fellow of Lincoln College, Oxford, Julio de Paula, professor and dean of the College of Arts and Sciences, Lewis and Clark College, Portland, Oregon, Ronald Friedman, professor and chair of chemistry, Indiana University Purdue University Fort Wayne, Fort Wayne, Indiana.
264 1 _aOxford :
_bOxford University Press,
_c2009.
300 _axxi, 782 pages :
_bcolor illustrations ;
_c28 cm
336 _2rdacontent
_atext
_btxt
337 _aunmediated
_2rdamedia
_bn
338 _avolume
_bnc
_2rdacarrier
504 _aIncludes bibliographical references and index.
650 7 _aQuantum chemistry
_vTextbooks.
_911377
_2BUEsh
655 _vReading book
700 1 _aDe Paula, Julio,
_911378
_eauthor.
700 1 _aFriedman, Ronald,
_d1962-
_911379
_eauthor.
942 _2ddc
_cBB
999 _c13386
_d13386